000 00642nam a2200217 a 4500
001 000032899
003 DO-SdBNP
005 20220922091206.0
007 ta
008 110801s1955 dr 000 0 spa d
040 _aDO-SdBNP
_bspa
_cBNPHU
082 _axxxx
_bG934m
100 _aGuerrero Vásquez, Bolivar R
_958666
245 1 0 _aMisiva a Afrodita /
_cBolivar R. Guerrero Vásquez.
260 _aCiudad Trujillo, República Dominicana :
_bEditora Librería Dominicana,
_c1955.
300 _a20 p. ;
_c22 cm.
500 _aSegunda parte de "Orto Iluso"
590 _aInventariado, 2022/ YL
910 _aYLockward
942 _2ddc
_cLF2
999 _c32390
_d32390